Supreme Court of Civil Application No.8/1991 Matendegyere and others vs Y. Kasikura and others (Record no. 2850)

MARC details
000 -LEADER
fixed length control field 00639nam a22001337a 4500
008 - FIXED-LENGTH DATA ELEMENTS--GENERAL INFORMATION
fixed length control field 110614t xxu||||| |||| 00| 0 eng d
010 ## - LIBRARY OF CONGRESS CONTROL NUMBER
LC control number SCCAF34
245 ## - TITLE STATEMENT
Title Supreme Court of Civil Application No.8/1991 Matendegyere and others vs Y. Kasikura and others
260 ## - PUBLICATION, DISTRIBUTION, ETC. (IMPRINT)
Date of publication, distribution, etc 1991
500 ## - GENERAL NOTE
General note CORAM:Mayindo,D.C.J., Seaton,J.S.C
500 ## - GENERAL NOTE
General note Application for a stay of execution of judgment and decree pending hearing of Civil Appeal No. 109 of 1978
Holdings
Withdrawn status Lost status Source of classification or shelving scheme Damaged status Koha normalized classification for sorting Not for loan Location (home branch) Sublocation or collection (holding branch) Shelving location Date acquired Koha issues (times borrowed) Koha full call number Piece designation (barcode) Koha date last seen Price effective from Koha item type
    Dewey Decimal Classification   081978   Law Development Centre Main Library Law Development Centre Main Library Law Reports 06/14/2011   08/1978 08/1978/1 06/14/2011 06/14/2011 Un Reported Cases
    Dewey Decimal Classification   081978   Law Development Centre Main Library Law Development Centre Main Library Law Reports 06/14/2011   08/1978 08/1978/2 06/14/2011 06/14/2011 Un Reported Cases